000 00453nam a2200157Ia 4500
999 _c20463
_d20463
003 OSt
005 20200610100914.0
008 190216s9999||||xx |||||||||||||| ||und||
040 _coclc
082 _a398.20954
_bRAM/F
100 _aRamanujan, A K
_92720
245 0 _aFolktales From Kerala /
_cA K Ramanujan
260 _bPenguin Books,
_c1991.
_aDelhi:
300 _a321p
942 _cBK
_2ddc
_h398.20954
_iRAM/F
_k398.20954
_mRAM/F